[Event "Memorial Nicola Palladino A"]
[Site "Milano ITA"]
[Date "2013.03.31"]
[Round "5"]
[White "Marchini, Daniele"]
[Black "Nepi, Ezio"]
[WhiteElo "1873"]
[BlackElo "1977"]
[Result "1-0"]
[PlyCount "51"]
[EventDate "2013.03.28"]

1. d4 d5 2. c4 c6 3. e3 Nf6 4. Nc3 e6 5. Nf3 Nbd7 6. Qc2 b6 7. b3 Bb7 8. Be2
Be7 9. O-O O-O 10. Bb2 Rc8 11. Ne5 Qc7 12. f4 c5 13. Nb5 Qb8 14. Rf3 Rfd8 15.
Rh3 Nf8 16. f5 dxc4 17. fxe6 Nxe6 18. Bxc4 Bd5 19. Bxd5 cxd4 20. Nc6 Rxc6 21.
Bxc6 Rc8 22. Bxd4 Nxd4 23. Nxd4 Bc5 24. Rf1 Bxd4 25. exd4 Qd6 26. Rxf6 1-0

[Event "Memorial Nicola Palladino A"]
[Site "Milano ITA"]
[Date "2013.03.31"]
[Round "5"]
[White "Miracola, Massimiliano"]
[Black "Bemporad, Filippo"]
[WhiteElo "2143"]
[BlackElo "2055"]
[Result "1-0"]
[PlyCount "63"]
[EventDate "2013.03.28"]

1. e4 c5 2. Nf3 d6 3. d4 cxd4 4. Nxd4 Nf6 5. Nc3 a6 6. Be3 e6 7. f3 Nbd7 8. Qd2
b5 9. g4 h6 10. O-O-O Bb7 11. h4 Nb6 12. Qf2 Nfd7 13. Kb1 Qc7 14. Bh3 Rc8 15.
a3 Nc4 16. Bc1 Nxa3+ 17. bxa3 Qxc3 18. g5 Qc5 19. g6 e5 20. gxf7+ Ke7 21. Nf5+
Kxf7 22. Nxd6+ Bxd6 23. Qxc5 Rxc5 24. Rxd6 Nf6 25. Bb2 Re8 26. Rhd1 Re7 27.
R1d3 Rec7 28. Be6+ Ke7 29. Bb3 a5 30. Re6+ Kf7 31. Bxe5 a4 32. Rxf6+ 1-0

[Event "Memorial Nicola Palladino A"]
[Site "Milano ITA"]
[Date "2013.03.31"]
[Round "5"]
[White "Mondal, Prince"]
[Black "Guidi, Paolo"]
[WhiteElo "1934"]
[BlackElo "1900"]
[Result "1-0"]
[PlyCount "47"]
[EventDate "2013.03.28"]

1. e4 d6 2. d4 Nf6 3. Nc3 g6 4. Be3 c6 5. Qd2 b5 6. f3 Qc7 7. h4 h5 8. Bd3 Bg7
9. Nce2 Bb7 10. Nh3 Nbd7 11. Ng5 Nb6 12. O-O-O a5 13. Rdg1 Na4 14. g4 Ba6 15.
Bf4 e5 16. Be3 c5 17. dxc5 dxc5 18. c4 O-O 19. Qc2 Rfb8 20. cxb5 c4 21. Bxc4
Nxb2 22. Bxf7+ Qxf7 23. Nxf7 Rc8 24. Nc3 1-0

[Event "Memorial Nicola Palladino A"]
[Site "Milano ITA"]
[Date "2013.03.31"]
[Round "5"]
[White "Pelizzola, Danilo"]
[Black "Cazzaniga, Walter"]
[WhiteElo "2093"]
[BlackElo "2139"]
[Result "1/2-1/2"]
[PlyCount "129"]
[EventDate "2013.03.28"]

1. e4 e6 2. d4 d5 3. Nd2 Nf6 4. e5 Nfd7 5. Ne2 c5 6. c3 b6 7. Nf3 Ba6 8. g3 Nc6
9. Qa4 Qc8 10. Bd2 Be7 11. Rc1 O-O 12. Nf4 Bxf1 13. Kxf1 Qb7 14. Ke2 b5 15. Qc2
b4 16. h4 Rfc8 17. Ng5 Nf8 18. Qd3 f6 19. Nf3 fxe5 20. dxe5 Qb8 21. Nxd5 exd5
22. Qxd5+ Kh8 23. Kf1 Qb5+ 24. Kg2 Rd8 25. Qe4 Rac8 26. c4 Qb6 27. Be3 Nd4 28.
Rcd1 Nxf3 29. Qxf3 Qe6 30. Qe4 Nd7 31. f4 Nf6 32. Qf3 Qxc4 33. exf6 Bxf6 34. b3
Qa6 35. Qf2 Bd4 36. Rd2 Bc3 37. Re2 Qd3 38. Rc1 Re8 39. Rcc2 h6 40. Kh2 Qd5 41.
Bc1 a5 42. Bb2 Rxe2 43. Qxe2 Bxb2 44. Rxb2 c4 45. Rd2 Qf7 46. bxc4 Qxc4 47. Qd1
Rc5 48. Qf3 Kh7 49. Qa8 Qe6 50. Qd8 Qe4 51. Qd7 Rc2 52. Kh3 Rxd2 53. Qxd2 a4
54. h5 b3 55. axb3 axb3 56. g4 Qc2 57. Qd6 b2 58. f5 Qc3+ 59. Kh2 Qf6 60. Qb4
Qh4+ 61. Kg2 b1=R 62. Qxb1 Qxg4+ 63. Kf1 Qxh5 64. f6+ Qg6 65. Qxg6+ 1/2-1/2

[Event "Memorial Nicola Palladino A"]
[Site "Milano ITA"]
[Date "2013.03.31"]
[Round "5"]
[White "Petrone, Gianmario"]
[Black "Virzi, Ettore"]
[WhiteElo "1959"]
[BlackElo "1972"]
[Result "0-1"]
[PlyCount "110"]
[EventDate "2013.03.28"]

1. e4 e5 2. Nf3 Nc6 3. Bb5 a6 4. Bxc6 dxc6 5. O-O Bg4 6. h3 h5 7. d3 Qf6 8.
Nbd2 Ne7 9. Re1 Ng6 10. d4 Nf4 11. dxe5 Qg6 12. Nh4 Bxd1 13. Nxg6 Nxg6 14. Rxd1
O-O-O 15. Re1 Nxe5 16. f4 Bb4 17. Re2 Ng6 18. g3 h4 19. Kg2 hxg3 20. Kxg3 Rxh3+
21. Kxh3 Nxf4+ 22. Kg4 Nxe2 23. Nb3 Nxc1 24. Rxc1 Re8 25. Kf3 Rh8 26. c3 Bd6
27. Rg1 g6 28. Nd4 Rh2 29. Rg2 Rxg2 30. Kxg2 Kd7 31. Kf3 Be5 32. Nb3 b6 33. Nd2
Ke6 34. Nc4 f5 35. exf5+ gxf5 36. Ne3 b5 37. Nc2 c5 38. Ne3 b4 39. Nd1 bxc3 40.
bxc3 c4 41. Ne3 Bxc3 42. Nxc4 Bb4 43. Ne3 Bd6 44. Nc2 Ke5 45. Ne3 f4 46. Nc4+
Kd5 47. Nd2 c5 48. Ne4 Be5 49. Ng5 a5 50. Nh3 Kd4 51. Ke2 Kc3 52. Nf2 Bd4 53.
Ne4+ Kb2 54. a4 Kb3 55. Kd3 Kxa4 0-1

[Event "Memorial Nicola Palladino A"]
[Site "Milano ITA"]
[Date "2013.03.31"]
[Round "5"]
[White "Sardo, Gabriele"]
[Black "Gagliardi, Christian"]
[WhiteElo "2203"]
[BlackElo "2206"]
[Result "1/2-1/2"]
[PlyCount "85"]
[EventDate "2013.03.28"]

1. d4 g6 2. c4 Bg7 3. e4 d6 4. Nc3 c6 5. Nf3 Bg4 6. Be2 Nd7 7. O-O Qc7 8. Be3
e5 9. d5 Bxf3 10. Bxf3 c5 11. Qd2 Ngf6 12. a3 O-O 13. b4 a6 14. Be2 Ne8 15. g4
Kh8 16. Kh1 Bf6 17. Rab1 Be7 18. Rg1 b6 19. Rb3 Ng7 20. Rgb1 Rab8 21. Na4 f5
22. f3 Bh4 23. Kg2 f4 24. Bg1 h5 25. h3 Rfc8 26. Nb2 Ne8 27. Nd3 Nef6 28. R1b2
Qd8 29. Qd1 Nh7 30. a4 Bg3 31. bxc5 bxc5 32. Rxb8 Rxb8 33. Qb1 Rxb2 34. Qxb2
Qc7 35. Be3 Kg8 36. Bd2 hxg4 37. hxg4 Ng5 38. a5 Nf8 39. Qb1 Qh7 40. Qh1 Qb7
41. Qd1 Qh7 42. Qh1 Qb7 43. Qd1 1/2-1/2

[Event "Memorial Nicola Palladino A"]
[Site "Milano ITA"]
[Date "2013.03.31"]
[Round "5"]
[White "Vezzosi, Paolo"]
[Black "Mariano, Elia"]
[WhiteElo "2290"]
[BlackElo "2156"]
[Result "1-0"]
[PlyCount "111"]
[EventDate "2013.03.28"]

1. d4 Nf6 2. Nf3 e6 3. Bf4 c5 4. e3 b6 5. Nbd2 Be7 6. h3 O-O 7. c3 Bb7 8. Bd3
d5 9. Ne5 Nc6 10. O-O Nd7 11. Ndf3 Ndxe5 12. dxe5 f6 13. exf6 Bxf6 14. Qc2 g6
15. Bb5 Qe7 16. Bxc6 Bxc6 17. Ne5 Be8 18. Rad1 g5 19. Bh2 Bh5 20. f3 Qg7 21.
Ng4 Bxg4 22. hxg4 Be5 23. Bxe5 Qxe5 24. Rfe1 Qg3 25. Qf2 Qxf2+ 26. Kxf2 Rad8
27. Rd2 Rd7 28. e4 d4 29. cxd4 Rfd8 30. d5 exd5 31. exd5 Rxd5 32. Re8+ Rxe8 33.
Rxd5 h6 34. Rd6 Kg7 35. Rd7+ Kf6 36. Rxa7 Re6 37. Rd7 Ke5 38. Rd2 Rc6 39. Ke3
b5 40. g3 Ra6 41. f4+ Ke6 42. b3 c4 43. bxc4 Ra3+ 44. Rd3 Rxa2 45. f5+ Ke7 46.
cxb5 Rb2 47. Rd5 Rb4 48. Kf3 Rb3+ 49. Kg2 Rb2+ 50. Kh3 Kf7 51. Rd7+ Kg8 52. Rb7
Kh8 53. b6 Kg8 54. f6 Kf8 55. Rb8+ Kf7 56. b7 1-0

[Event "Memorial Nicola Palladino A"]
[Site "Milano ITA"]
[Date "2013.04.01"]
[Round "6"]
[White "Bemporad, Filippo"]
[Black "Marchini, Daniele"]
[WhiteElo "2055"]
[BlackElo "1873"]
[Result "0-1"]
[PlyCount "76"]
[EventDate "2013.03.28"]

1. d4 Nf6 2. Nf3 e6 3. g3 c5 4. Bg2 cxd4 5. O-O d5 6. Nxd4 e5 7. Nf3 Nc6 8. c4
d4 9. e3 Be7 10. exd4 exd4 11. Qd3 Nb4 12. Qb3 Bf5 13. Na3 a5 14. Qa4+ Bd7 15.
Nb5 Nc6 16. Qd1 d3 17. Qxd3 O-O 18. Bf4 Nb4 19. Qe2 Bxb5 20. cxb5 Re8 21. Rfd1
Qb6 22. Nd4 Bc5 23. Qd2 Rad8 24. Be3 Ng4 25. Qc3 Nxe3 26. fxe3 Bxd4 27. exd4
Rc8 28. Qb3 Nc2 29. Qd5 Nxa1 30. Rxa1 Rcd8 31. Qc5 Qf6 32. Bxb7 Rxd4 33. Rf1
Qd8 34. Bc6 Re2 35. b6 Rdd2 36. b7 Rc2 37. Qa7 Rxb2 38. Rxf7 Rb1+ 0-1

[Event "Memorial Nicola Palladino A"]
[Site "Milano ITA"]
[Date "2013.04.01"]
[Round "6"]
[White "Bonazzi, Edoardo"]
[Black "Miracola, Massimiliano"]
[WhiteElo "2061"]
[BlackElo "2143"]
[Result "1/2-1/2"]
[PlyCount "76"]
[EventDate "2013.03.28"]

1. Nf3 Nf6 2. c4 g6 3. Nc3 Bg7 4. g3 O-O 5. Bg2 d6 6. O-O e5 7. d3 Nc6 8. Rb1
a5 9. a3 Nd4 10. b4 axb4 11. axb4 c6 12. Bg5 h6 13. Bxf6 Bxf6 14. Nxd4 exd4 15.
Ne4 Bg7 16. Ra1 Rxa1 17. Qxa1 d5 18. cxd5 cxd5 19. Nd2 Qe7 20. Bxd5 Qxe2 21.
Ne4 Qxd3 22. Nd6 Qa6 23. Nxc8 Rxc8 24. Qxa6 bxa6 25. Bb7 Rb8 26. Bxa6 Rxb4 27.
Bd3 Kf8 28. Rb1 Rxb1+ 29. Bxb1 Ke7 30. Kg2 Kd6 31. Kf3 Ke5 32. Ke2 Bf8 33. h4
Bb4 34. Bd3 Be7 35. Bc2 Kd6 36. Bb3 f6 37. Bf7 g5 38. hxg5 hxg5 1/2-1/2

[Event "Memorial Nicola Palladino A"]
[Site "Milano ITA"]
[Date "2013.04.01"]
[Round "6"]
[White "Brociner, Beniamino"]
[Black "Pelizzola, Danilo"]
[WhiteElo "1996"]
[BlackElo "2093"]
[Result "1/2-1/2"]
[PlyCount "71"]
[EventDate "2013.03.28"]

1. Nf3 Nf6 2. g3 e6 3. Bg2 Be7 4. O-O O-O 5. c4 c5 6. Nc3 Nc6 7. d4 d5 8. cxd5
exd5 9. Bg5 cxd4 10. Nxd4 Be6 11. Qd2 Qd7 12. Rfd1 Rfd8 13. e3 Rac8 14. Nde2
Qe8 15. Bxf6 Bxf6 16. Nxd5 Bxd5 17. Bxd5 Ne7 18. e4 Nxd5 19. exd5 Rd6 20. Nc3
Rcd8 21. Re1 Qd7 22. Rad1 h6 23. Ne4 Rxd5 24. Nxf6+ gxf6 25. Qxd5 Qxd5 26. Rxd5
Rxd5 27. Re7 Rb5 28. b3 a5 29. Kg2 a4 30. bxa4 Rb2 31. h4 Rxa2 32. Rxb7 Rxa4
33. Rb5 Kg7 34. Kh3 Rc4 35. h5 Ra4 36. f4 1/2-1/2

[Event "Memorial Nicola Palladino A"]
[Site "Milano ITA"]
[Date "2013.04.01"]
[Round "6"]
[White "Cazzaniga, Walter"]
[Black "Cocconcelli, Lorenzo"]
[WhiteElo "2139"]
[BlackElo "2012"]
[Result "1-0"]
[PlyCount "65"]
[EventDate "2013.03.28"]

1. d4 d5 2. c4 c6 3. Nc3 Nf6 4. Nf3 e6 5. Bg5 Nbd7 6. cxd5 exd5 7. e3 Be7 8.
Bd3 O-O 9. Qc2 Re8 10. O-O-O h6 11. Bh4 Ne4 12. Bxe7 Qxe7 13. Bxe4 dxe4 14. Nd2
f5 15. g4 Nf6 16. gxf5 Bxf5 17. f4 Rac8 18. Kb1 c5 19. Nb3 c4 20. Nc1 a6 21.
Rhg1 b5 22. a3 Rb8 23. N3a2 Rec8 24. Nb4 Qd6 25. d5 Rb7 26. Nc6 Re8 27. Qg2 Rf7
28. Ka1 Qc5 29. Nd4 Bd7 30. Qg6 Kf8 31. f5 Ke7 32. Ne6 Qd6 33. Qxf7+ 1-0

[Event "Memorial Nicola Palladino A"]
[Site "Milano ITA"]
[Date "2013.04.01"]
[Round "6"]
[White "Gagliardi, Christian"]
[Black "Vezzosi, Paolo"]
[WhiteElo "2206"]
[BlackElo "2290"]
[Result "0-1"]
[PlyCount "54"]
[EventDate "2013.03.28"]

1. e4 e5 2. Nf3 Nc6 3. Bc4 Bc5 4. c3 Nf6 5. d3 d6 6. Bb3 O-O 7. h3 a6 8. Bg5 h6
9. Bh4 Be6 10. Nbd2 g5 11. Bg3 Nh5 12. Nf1 Qf6 13. Qd2 Bxb3 14. axb3 Qe6 15. b4
Bb6 16. N3h2 Nf4 17. Ne3 Bxe3 18. fxe3 Nh5 19. Bf2 d5 20. exd5 Qxd5 21. O-O-O
e4 22. g4 Ng7 23. d4 b5 24. Qc2 a5 25. bxa5 Nxa5 26. b3 Nxb3+ 27. Kb2 Na5 0-1

[Event "Memorial Nicola Palladino A"]
[Site "Milano ITA"]
[Date "2013.04.01"]
[Round "6"]
[White "Galli, Fabio"]
[Black "Baltzopoulos, Giorgos"]
[WhiteElo "2051"]
[BlackElo "1969"]
[Result "1-0"]
[PlyCount "107"]
[EventDate "2013.03.28"]

1. c4 Nf6 2. g3 g6 3. Bg2 d5 4. cxd5 Nxd5 5. Nc3 Nxc3 6. bxc3 Bg7 7. Nf3 O-O 8.
O-O c5 9. d4 Nc6 10. e3 Qa5 11. Bd2 Rd8 12. Qb3 Qa6 13. Ng5 e6 14. Ne4 Na5 15.
Qc2 Bf8 16. Rfd1 Nc4 17. Bf1 Na3 18. Qb2 c4 19. f3 b6 20. Nf2 Bd7 21. e4 Ba4
22. Rdc1 Rac8 23. Bg5 h6 24. Bxd8 Rxd8 25. Ng4 Rc8 26. Qd2 Kh7 27. Qf4 Qb7 28.
Nf6+ Kg7 29. Qe5 Kh8 30. Ne8+ Kh7 31. Nd6 Bxd6 32. Qxd6 Nc2 33. Rab1 Rc6 34.
Qf4 a5 35. Rb2 Na3 36. Bh3 Rc7 37. d5 exd5 38. exd5 f5 39. g4 fxg4 40. Bxg4 Rf7
41. Qe4 Qc7 42. Be6 Rf4 43. Qe3 Nb5 44. Re1 Rh4 45. Bg4 h5 46. Qe7+ Qxe7 47.
Rxe7+ Kh6 48. Bd7 Nxc3 49. Bxa4 Nxa4 50. Rc2 Rd4 51. Kf2 b5 52. Re5 Nc5 53. Ke3
Nd7 54. Re7 1-0

[Event "Memorial Nicola Palladino A"]
[Site "Milano ITA"]
[Date "2013.04.01"]
[Round "6"]
[White "Mariano, Elia"]
[Black "Sardo, Gabriele"]
[WhiteElo "2156"]
[BlackElo "2203"]
[Result "1/2-1/2"]
[PlyCount "88"]
[EventDate "2013.03.28"]

1. d4 d5 2. Nc3 Nf6 3. Bg5 Bf5 4. f3 c5 5. e3 Nc6 6. Bb5 cxd4 7. Qxd4 Bd7 8.
Qh4 e6 9. O-O-O Be7 10. e4 h6 11. exd5 Nxd5 12. Bxe7 Qxe7 13. Qxe7+ Ncxe7 14.
Nxd5 Nxd5 15. Bxd7+ Kxd7 16. Nh3 Kc6 17. Rhe1 b5 18. Re4 Rhd8 19. Nf4 Nxf4 20.
Rxf4 Rxd1+ 21. Kxd1 Rd8+ 22. Ke2 f5 23. Rb4 a5 24. Rb3 e5 25. Rc3+ Kb6 26. Rd3
Rxd3 27. Kxd3 Kc5 28. c3 b4 29. g4 g6 30. gxf5 gxf5 31. b3 e4+ 32. fxe4 fxe4+
33. Kc2 bxc3 34. Kxc3 e3 35. a3 e2 36. Kd2 Kd4 37. Kxe2 Kc3 38. b4 axb4 39.
axb4 Kxb4 40. Kd3 Kc5 41. Ke4 Kd6 42. Kf5 Ke7 43. Kg6 Kf8 44. Kxh6 Kg8 1/2-1/2

[Event "Memorial Nicola Palladino A"]
[Site "Milano ITA"]
[Date "2013.04.01"]
[Round "6"]
[White "Mondal, Prince"]
[Black "Faraoni, Enrico"]
[WhiteElo "1934"]
[BlackElo "2057"]
[Result "1-0"]
[PlyCount "71"]
[EventDate "2013.03.28"]

1. e4 d6 2. d4 Nf6 3. Nc3 g6 4. Be3 Bg7 5. f3 c6 6. Qd2 b5 7. Bd3 O-O 8. h4
Nbd7 9. Nce2 e5 10. O-O-O a6 11. dxe5 Nxe5 12. g4 c5 13. Ng3 Be6 14. Kb1 b4 15.
b3 Re8 16. Be2 Qa5 17. h5 d5 18. Bh6 dxe4 19. Bxg7 Kxg7 20. hxg6 fxg6 21. Qh6+
Kh8 22. g5 Nh5 23. Nxh5 gxh5 24. Qf6+ Kg8 25. Qxe5 Bxb3 26. Qb2 Bf7 27. fxe4 b3
28. axb3 c4 29. Bxh5 c3 30. Bxf7+ Kxf7 31. Qa2 Qxa2+ 32. Kxa2 Rxe4 33. Nf3 Kg6
34. Rh6+ Kf5 35. Rf6+ Kg4 36. Rg1+ 1-0

[Event "Memorial Nicola Palladino A"]
[Site "Milano ITA"]
[Date "2013.04.01"]
[Round "6"]
[White "Motola, Jacopo"]
[Black "Dobboletta, Alex"]
[WhiteElo "2032"]
[BlackElo "1968"]
[Result "1/2-1/2"]
[PlyCount "51"]
[EventDate "2013.03.28"]

1. e4 c5 2. Nf3 e6 3. c3 Nc6 4. d4 cxd4 5. cxd4 Nf6 6. Nc3 d5 7. e5 Ne4 8. Bd3
Bb4 9. Bd2 Nxd2 10. Qxd2 f6 11. exf6 Qxf6 12. O-O Bd6 13. Rfe1 O-O 14. Rad1 Bf4
15. Qc2 Qh6 16. Ne2 Nb4 17. Qb1 Nxd3 18. Qxd3 Bd6 19. Ng3 Bd7 20. Ne5 Ba4 21.
b3 Be8 22. Re3 Rc8 23. Qe2 Qf4 24. Rf3 Qg5 25. Re3 Qf4 26. Rf3 1/2-1/2

[Event "Memorial Nicola Palladino A"]
[Site "Milano ITA"]
[Date "2013.04.01"]
[Round "6"]
[White "Virzi, Ettore"]
[Black "Bozzali, Ermanno"]
[WhiteElo "1972"]
[BlackElo "2041"]
[Result "0-1"]
[PlyCount "90"]
[EventDate "2013.03.28"]

1. e4 c5 2. Nf3 d6 3. d4 cxd4 4. Nxd4 Nf6 5. Nc3 a6 6. Bg5 e6 7. f4 h6 8. Bh4
Qc7 9. Bxf6 gxf6 10. f5 Nc6 11. Be2 Qb6 12. Nb3 Rg8 13. fxe6 fxe6 14. Bh5+ Kd8
15. Qd2 Rg5 16. Bf3 Bd7 17. O-O-O Rc8 18. Qf4 Kc7 19. h4 Rg6 20. Rd2 Ne5 21.
Bh5 Rg8 22. Rhd1 Kb8 23. Qxf6 Nc4 24. Qf2 Qc7 25. Rd3 Bg7 26. Qe1 b5 27. Nd4
Bxd4 28. Rxd4 Rxg2 29. Be2 Ne3 30. Rxd6 Nxd1 31. Qxd1 Bc6 32. Rxe6 Rcg8 33. Qd6
Qxd6 34. Rxd6 Bxe4 35. Nxe4 Rxe2 36. Nc3 Rg1+ 37. Nd1 Rgg2 38. c3 Rc2+ 39. Kb1
Rcd2 40. Rxd2 Rxd2 41. Ne3 h5 42. Nf5 Rh2 43. b3 Kc7 44. a4 bxa4 45. bxa4 Kc6
0-1

[Event "Memorial Nicola Palladino A"]
[Site "Milano ITA"]
[Date "2013.04.01"]
[Round "7"]
[White "Bozzali, Ermanno"]
[Black "Bonazzi, Edoardo"]
[WhiteElo "2041"]
[BlackElo "2061"]
[Result "1-0"]
[PlyCount "105"]
[EventDate "2013.03.28"]

1. d4 Nf6 2. c4 c5 3. d5 b5 4. cxb5 a6 5. bxa6 Bxa6 6. Nc3 d6 7. Nf3 g6 8. e4
Bxf1 9. Kxf1 Bg7 10. g3 O-O 11. Kg2 Nbd7 12. a4 Qa5 13. Bd2 Rfb8 14. Nb5 Qb6
15. Qe2 Ne8 16. Bc3 Nc7 17. Nxc7 Qxc7 18. Ra2 Qb7 19. Nd2 Nb6 20. Rha1 Ra7 21.
a5 Rba8 22. Qb5 Nd7 23. Qxb7 Rxb7 24. Nc4 Ra6 25. Kf1 Bxc3 26. bxc3 Nf6 27. f3
e6 28. Ne3 exd5 29. exd5 Kf8 30. Ke2 Ke8 31. Kd3 Kd7 32. g4 Ne8 33. h4 Nc7 34.
Kc2 Ra8 35. Ra4 Re8 36. Re4 Reb8 37. Ra2 Rb1 38. a6 Rh1 39. Kd3 Rxh4 40. a7 Ra8
41. Rea4 h5 42. Rb2 hxg4 43. Nxg4 Kc8 44. c4 Nxd5 45. cxd5 f5 46. Rb6 fxg4 47.
Rxd6 g5 48. fxg4 Rh7 49. Rc6+ Kb7 50. Rxc5 Rxa7 51. Rxa7+ Kxa7 52. d6 Rd7 53.
Rc7+ 1-0

[Event "Memorial Nicola Palladino A"]
[Site "Milano ITA"]
[Date "2013.04.01"]
[Round "7"]
[White "Cocconcelli, Lorenzo"]
[Black "Brociner, Beniamino"]
[WhiteElo "2012"]
[BlackElo "1996"]
[Result "1/2-1/2"]
[PlyCount "20"]
[EventDate "2013.03.28"]

1. b3 b6 2. g3 Bb7 3. Nf3 a5 4. Nc3 Nf6 5. h4 e6 6. h5 h6 7. Bg2 d6 8. Bb2 Nbd7
9. a4 Qe7 10. e3 O-O-O 1/2-1/2

[Event "Memorial Nicola Palladino A"]
[Site "Milano ITA"]
[Date "2013.04.01"]
[Round "7"]
[White "Dobboletta, Alex"]
[Black "Bemporad, Filippo"]
[WhiteElo "1968"]
[BlackElo "2055"]
[Result "0-1"]
[PlyCount "36"]
[EventDate "2013.03.28"]

1. e4 c5 2. Nf3 d6 3. d4 cxd4 4. Nxd4 Nf6 5. Nc3 e6 6. Be3 a6 7. f3 b5 8. Qd2
Nbd7 9. g4 Nb6 10. O-O-O Bb7 11. g5 Nfd7 12. a3 Rc8 13. h4 Ne5 14. f4 Nec4 15.
Bxc4 Nxc4 16. Qf2 Qc7 17. f5 Nxb2 18. fxe6 Nxd1 0-1

[Event "Memorial Nicola Palladino A"]
[Site "Milano ITA"]
[Date "2013.04.01"]
[Round "7"]
[White "Faraoni, Enrico"]
[Black "Virzi, Ettore"]
[WhiteElo "2057"]
[BlackElo "1972"]
[Result "1-0"]
[PlyCount "43"]
[EventDate "2013.03.28"]

1. e4 e5 2. f4 d5 3. exd5 exf4 4. Nf3 Nf6 5. Bc4 Nxd5 6. O-O Be6 7. Bb3 Bd6 8.
c4 Nf6 9. d4 O-O 10. c5 Be7 11. Bxe6 fxe6 12. Qe2 Qd7 13. Bxf4 Nc6 14. Rd1 Nd5
15. Bg3 Rf5 16. Nc3 Nf4 17. Bxf4 Rxf4 18. d5 Bxc5+ 19. Kh1 exd5 20. Nxd5 Re8
21. Nxf4 Qf7 22. Qc2 1-0

[Event "Memorial Nicola Palladino A"]
[Site "Milano ITA"]
[Date "2013.04.01"]
[Round "7"]
[White "Guidi, Paolo"]
[Black "Petrone, Gianmario"]
[WhiteElo "1900"]
[BlackElo "1959"]
[Result "0-1"]
[PlyCount "88"]
[EventDate "2013.03.28"]

1. Nf3 Nf6 2. d4 g6 3. e3 d5 4. c4 c6 5. Nc3 Bg7 6. Bd3 O-O 7. O-O Nbd7 8. h3
Re8 9. cxd5 cxd5 10. b3 Nb8 11. Bb2 Nc6 12. Ne5 Nxe5 13. dxe5 Nd7 14. f4 Nb6
15. Nb5 a6 16. Nd4 e6 17. Qf3 Bd7 18. g4 Qe7 19. a4 f5 20. exf6 Bxf6 21. a5 Nc8
22. f5 gxf5 23. gxf5 Bxd4 24. Bxd4 e5 25. Qxd5+ Qf7 26. Qxf7+ Kxf7 27. Bc5 Ne7
28. Bxe7 Kxe7 29. e4 Rg8+ 30. Kf2 Kf6 31. Bc4 Rgd8 32. Rad1 Bc6 33. Ke3 Be8 34.
Rd3 Rxd3+ 35. Bxd3 Bc6 36. Rd1 Rg8 37. Kf2 Rd8 38. Kf3 Rd4 39. Ke2 Bxe4 40.
Bxe4 Rxe4+ 41. Kf3 Rb4 42. Rd6+ Kxf5 43. Rd7 Rxb3+ 44. Kg2 h5 0-1

[Event "Memorial Nicola Palladino A"]
[Site "Milano ITA"]
[Date "2013.04.01"]
[Round "7"]
[White "Marchini, Daniele"]
[Black "Gagliardi, Christian"]
[WhiteElo "1873"]
[BlackElo "2206"]
[Result "0-1"]
[PlyCount "64"]
[EventDate "2013.03.28"]

1. d4 g6 2. c4 Bg7 3. Nc3 c5 4. d5 Bxc3+ 5. bxc3 f5 6. Bg5 d6 7. f3 Qa5 8. Qc2
Nd7 9. e4 fxe4 10. fxe4 Ngf6 11. Bxf6 exf6 12. Nf3 Qd8 13. Bd3 Qe7 14. O-O Ne5
15. Nxe5 Qxe5 16. Rf3 O-O 17. Raf1 Kg7 18. Qd2 Bd7 19. Rg3 Rae8 20. Rf4 h6 21.
Be2 g5 22. Bh5 Re7 23. Rff3 Qxe4 24. Re3 Qb1+ 25. Kf2 Re5 26. Rxe5 fxe5+ 27.
Rf3 Qe4 28. Rxf8 Kxf8 29. Bf3 Qxc4 30. Qc2 Kg7 31. g3 g4 32. Be4 Bb5 0-1

[Event "Memorial Nicola Palladino A"]
[Site "Milano ITA"]
[Date "2013.04.01"]
[Round "7"]
[White "Motola, Jacopo"]
[Black "Mondal, Prince"]
[WhiteElo "2032"]
[BlackElo "1934"]
[Result "1/2-1/2"]
[PlyCount "31"]
[EventDate "2013.03.28"]

1. e4 c5 2. Nf3 d6 3. d4 cxd4 4. Qxd4 a6 5. c4 Nc6 6. Qd2 Nf6 7. Nc3 g6 8. b3
Bg7 9. Bb2 O-O 10. h3 Bd7 11. Bd3 Qa5 12. O-O Rfc8 13. Rac1 Rab8 14. Rfd1 Be6
15. Nd5 Qxd2 16. Nxd2 1/2-1/2

[Event "Memorial Nicola Palladino A"]
[Site "Milano ITA"]
[Date "2013.04.01"]
[Round "7"]
[White "Pelizzola, Danilo"]
[Black "Mariano, Elia"]
[WhiteElo "2093"]
[BlackElo "2156"]
[Result "0-1"]
[PlyCount "134"]
[EventDate "2013.03.28"]

1. e4 c6 2. d4 d5 3. Nd2 dxe4 4. Nxe4 Bf5 5. Ng3 Bg6 6. Bc4 e6 7. N1e2 Bd6 8.
Bf4 Nf6 9. Qd2 O-O 10. O-O Bxf4 11. Nxf4 Nd5 12. c3 Nd7 13. Bxd5 exd5 14. Nxg6
hxg6 15. Rae1 Nf6 16. Re2 Qd7 17. Rfe1 Rfe8 18. f3 Rxe2 19. Rxe2 Re8 20. Kf2
Kf8 21. Rxe8+ Nxe8 22. Qf4 Qd6 23. Ne2 Qxf4 24. Nxf4 Nd6 25. Ke2 Ke7 26. Nd3
Kf6 27. Ne5 Kf5 28. Kf2 g5 29. h3 Ke6 30. Ke2 Nf5 31. Nd3 Kd6 32. Ne5 f6 33.
Ng4 Ke6 34. Ne3 Nd6 35. g4 g6 36. Kd3 Nf7 37. a4 Kd6 38. b4 b6 39. Ng2 Nd8 40.
Ke3 Ne6 41. f4 a5 42. bxa5 bxa5 43. h4 c5 44. h5 gxh5 45. gxh5 Ng7 46. Kf3 Nxh5
47. fxg5 fxg5 48. Ne3 Nf6 49. Nf5+ Ke6 50. Ng7+ Kf7 51. Nf5 c4 52. Nd6+ Ke6 53.
Nb7 Ne4 54. Nxa5 Nxc3 55. Nc6 Nxa4 56. Kg4 Nc3 57. Kxg5 Ne2 58. Kg4 c3 59. Nb4
Nxd4 60. Na2 c2 61. Nc1 Ke5 62. Kg3 Nb5 63. Kf3 Kd4 64. Ke2 Kc3 65. Ke3 d4+ 66.
Ke2 Nc7 67. Nd3 Nd5 0-1

[Event "Memorial Nicola Palladino A"]
[Site "Milano ITA"]
[Date "2013.04.01"]
[Round "7"]
[White "Santelli, Francesco"]
[Black "Galli, Fabio"]
[WhiteElo "1787"]
[BlackElo "2051"]
[Result "0-1"]
[PlyCount "76"]
[EventDate "2013.03.28"]

1. e4 e6 2. d4 d5 3. Nc3 dxe4 4. Nxe4 Nd7 5. Nf3 Ngf6 6. Bg5 Be7 7. Nxf6+ Nxf6
8. Bd3 O-O 9. O-O h6 10. Bd2 c5 11. dxc5 Bxc5 12. b4 Bd6 13. Re1 b6 14. Qe2 Bb7
15. Ne5 Qc7 16. h3 Bxe5 17. Qxe5 Qxe5 18. Rxe5 Rac8 19. a4 Bd5 20. a5 Bc4 21.
Bxc4 Rxc4 22. axb6 axb6 23. c3 Nd5 24. Ra6 Rb8 25. Ra3 Rbc8 26. Ra6 R8c6 27.
Ra8+ Kh7 28. Ra6 Nxc3 29. Bxc3 Rxc3 30. Rb5 Rc1+ 31. Kh2 R6c2 32. f3 Rb2 33.
Rbxb6 Rcc2 34. Kg3 Rxg2+ 35. Kf4 Rb3 36. Rb7 Rf2 37. Raa7 Rfxf3+ 38. Ke5 Kg6
0-1

[Event "Memorial Nicola Palladino A"]
[Site "Milano ITA"]
[Date "2013.04.01"]
[Round "7"]
[White "Sardo, Gabriele"]
[Black "Cazzaniga, Walter"]
[WhiteElo "2203"]
[BlackElo "2139"]
[Result "0-1"]
[PlyCount "80"]
[EventDate "2013.03.28"]

1. d4 Nf6 2. c4 g6 3. Nc3 Bg7 4. e4 d6 5. Nf3 O-O 6. Be2 e5 7. O-O Nc6 8. d5
Ne7 9. Ne1 Ne8 10. Nd3 f5 11. Bd2 Nf6 12. f3 c6 13. b4 cxd5 14. cxd5 Bd7 15. a4
Qb6+ 16. Nf2 Rac8 17. Kh1 a6 18. Qb3 Kh8 19. a5 Qd4 20. Ra2 Neg8 21. g4 fxg4
22. fxg4 Nxg4 23. Nxg4 Rxf1+ 24. Bxf1 Bxg4 25. Bg2 Bh6 26. Be1 Bf4 27. Ne2 Bxe2
28. Rxe2 Nf6 29. Rc2 Rf8 30. Rc4 Qa1 31. Qc3 Qb1 32. Bf3 g5 33. h3 h5 34. Bg2
g4 35. h4 Kg7 36. b5 axb5 37. Rb4 Qd1 38. Bf1 g3 39. Rxb5 Rf7 40. Kg2 Nxe4 0-1

[Event "Memorial Nicola Palladino A"]
[Site "Milano ITA"]
[Date "2013.04.01"]
[Round "7"]
[White "Vezzosi, Paolo"]
[Black "Miracola, Massimiliano"]
[WhiteElo "2290"]
[BlackElo "2143"]
[Result "1/2-1/2"]
[PlyCount "73"]
[EventDate "2013.03.28"]

1. d4 Nf6 2. c4 g6 3. Nc3 Bg7 4. e4 d6 5. Be2 O-O 6. Be3 e5 7. Nf3 Ng4 8. Bg5
f6 9. Bh4 g5 10. Bg3 Nh6 11. dxe5 dxe5 12. Qd5+ Nf7 13. h4 h6 14. hxg5 hxg5 15.
Qxd8 Rxd8 16. Nd5 Rd7 17. Nd2 c6 18. Ne3 Na6 19. Bg4 Rd8 20. Bxc8 Raxc8 21. Ke2
Nc5 22. Nf5 Rc7 23. b3 Rcd7 24. Rhd1 Nd6 25. f3 Ne6 26. Ne3 Nf4+ 27. Bxf4 exf4
28. Nf5 Nf7 29. Nf1 Rxd1 30. Rxd1 Rxd1 31. Kxd1 Bf8 32. Ke2 Ne5 33. g3 fxg3 34.
N1xg3 Kf7 35. Ne3 Bc5 36. Nef5 Bf8 37. Ne3 1/2-1/2